000 00644nam a2200169 i 4500
001 160552
003 ES-MaACL
005 20230906212052.0
008 040928s1866 sp |||| | spa d
100 1 _aNavarro de Vicente, Saturnino.
_9130407
245 1 3 _aEl Banco de Valladolid y el crédito castellano /
_cpor Saturnino Navarro de Vicente.
260 _aMadrid :
_b[s.n.],
_c1866 (
_fImp. de Julián Peña)
300 _a60 p. ;
_c24 cm.
610 2 4 _aBanco de Valladolid-
_xHistoria.
_9134166
650 4 _aCrédito-
_zEspaña.
_9146875
852 4 _aES-MaACL
_jT-65-F-6
_z- Enc. hol., falto de cub. original
_z- Enc. en un vol. facticio
999 _c160552
_d160552